000 00599nam a2200205 i 4500
001 27444
003 ES-MaACL
005 20231114062529.0
007 t|
008 030114s1975 sp ||||1| spa d
100 1 _aAub, Max,
_d1903-1972
_923783
245 1 4 _aLos pies por delante y otros cuentos /
_cMax Aub.
250 _a[1ยช ed.].
260 _aBarcelona :
_bSeix Barral,
_c[1975]
300 _a201 p. :
_bil. ;
_c20 cm.
490 1 _aBiblioteca breve ;
_v382
830 0 _aBiblioteca breve (Seix Barral)
_v382
_9227188
852 _aES-MaACL
_jA-7634
_bR.96518
999 _c27444
_d27444